|
|
|
|
| LEADER |
01223nam a2200337 a 4500 |
| 001 |
AAL3782 |
| 003 |
BD-DhAAL |
| 005 |
20160210165639.0 |
| 008 |
150209s1998 maua b 001 0 eng |
| 010 |
|
|
|a 98005943
|
| 020 |
|
|
|a 0070487855
|
| 020 |
|
|
|a 0071158286 (international student ed.)
|
| 040 |
|
|
|a DLC
|c DLC
|d DLC
|d BD-DhAAL
|
| 050 |
0 |
0 |
|a HQ767.9
|b .P36 1998
|
| 082 |
0 |
0 |
|a 305.231
|2 21
|
| 999 |
|
|
|c 33625
|d 33625
|
| 999 |
|
|
|c 33625
|
| 100 |
1 |
|
|a Papalia, Diane E.
|9 8132
|
| 245 |
1 |
2 |
|a A child's world :
|b infancy through adolescence /
|c Diane E. Papalia, Sally Wendkos Olds, Ruth Duskin Feldman.
|
| 250 |
|
|
|a 8th ed.
|
| 260 |
|
|
|a Boston :
|b McGraw-Hill,
|c 1998.
|
| 300 |
|
|
|a xxx, 702 p. :
|b ill. (chiefly col.) ;
|c 28 cm.
|
| 504 |
|
|
|a Includes bibliographical references (p. 621-668) and index.
|
| 541 |
|
|
|e 3782
|
| 650 |
|
0 |
|a Child development.
|9 6734
|
| 650 |
|
0 |
|a Child psychology.
|9 6733
|
| 650 |
|
0 |
|a Adolescence.
|9 7354
|
| 700 |
1 |
|
|a Olds, Sally Wendkos.
|9 8133
|
| 700 |
1 |
|
|a Feldman, Ruth Duskin.
|9 8134
|
| 942 |
|
|
|2 ddc
|c BK
|
| 952 |
|
|
|0 0
|1 0
|2 ddc
|4 0
|6 305_231000000000000_PAP
|7 0
|9 52518
|a SCL
|b SCL
|c GEN
|d 2015-02-09
|e Gift: The Asia Foundation
|l 1
|o 305.231 PAP
|p 3020003782
|r 2022-04-25
|s 2022-03-10
|t 1
|w 2015-02-09
|y BK
|